Tristram Shandy (Record no. 29222)

MARC details
000 -LEADER
fixed length control field 00374nam a2200133Ia 4500
008 - FIXED-LENGTH DATA ELEMENTS--GENERAL INFORMATION
fixed length control field 211109s9999||||xx |||||||||||||| ||und||
082 ## - DEWEY DECIMAL CLASSIFICATION NUMBER
Classification number 823
Item number STE-T
100 ## - MAIN ENTRY--PERSONAL NAME
Personal name Sterne, Laurence
245 #0 - TITLE STATEMENT
Title Tristram Shandy
260 ## - PUBLICATION, DISTRIBUTION, ETC.
Name of publisher, distributor, etc. Every Mans Library
Place of publication, distribution, etc. Nwyork
Date of publication, distribution, etc. 1978
630 ## - SUBJECT ADDED ENTRY--UNIFORM TITLE
General subdivision General Stack
650 ## - SUBJECT ADDED ENTRY--TOPICAL TERM
Topical term or geographic name entry element English Novel
942 ## - ADDED ENTRY ELEMENTS (KOHA)
Koha item type BOOK
650 ## - SUBJECT ADDED ENTRY--TOPICAL TERM
Form subdivision English LiteratureEnglish Fiction
General subdivision English
Holdings
Withdrawn status Lost status Damaged status Not for loan Home library Current library Date acquired Cost, normal purchase price Total Checkouts Full call number Barcode Shelving location Date last seen Price effective from Koha item type
        SB LIBRARY SB LIBRARY 09/11/2021 50.95   823 STE-T 00030061 GENERAL STACK 09/11/2021 09/11/2021 BOOK

Powered by Koha